|
|
|
|
| LEADER |
00000nab a2200000 ar4500 |
| 001 |
vtls010079343 |
| 003 |
SK-MaSNL |
| 005 |
20260303200613.0 |
| 008 |
100324c1974 xo |r|p|||||||000 b|slo |
| 015 |
|
|
|a SNBRB1974
|
| 038 |
|
|
|a SNKBUCL
|
| 040 |
|
|
|a SNKBUCL
|b slo
|c SNKBUCL
|e AACR2
|
| 041 |
|
|
|a slo
|
| 044 |
|
|
|a xo
|c SK
|
| 080 |
|
|
|a 792.2
|2 2001
|
| 245 |
0 |
0 |
|a Monológ by bol účinnejší
|c [autor] (mg)
|
| 600 |
1 |
7 |
|a Ajtmatov, Čingiz,
|d 1928-2008
|t Matkino pole
|2 snkbucl
|9 1230913
|
| 610 |
2 |
7 |
|a Divadlo Jonáša Záborského
|2 snkbucl
|9 29722
|
| 650 |
0 |
7 |
|a divadelné inscenácie
|2 snkbucl
|9 3326
|
| 655 |
|
7 |
|a recenzie
|2 snkbucl
|9 21907
|
| 773 |
0 |
|
|t Večerník
|g (13.12.1974), s. 7
|
| 852 |
|
|
|a SNK
|b KIS3GCP
|
| 958 |
|
|
|a RC
|
| 999 |
|
|
|c 2168821
|d 2170751
|